000 00351nam a2200133Ia 4500
008 240624s9999 xx 000 0 und d
041 _aeng
082 _a658.4 ELG
100 _aELG MATTIAS
245 _aSUSTAINABLE DEVELOPMENT IN ORGANIZATIONS
260 _c2015
_aUnited Kingdom
_bEdward Elgar
300 _axii, 378 p.; 23 cm.
365 _cBPS
_b33
999 _c32428
_d32428